000 00809nam a22002051 4500
001 he 67000082
003 DLC
005 20260227111443.0
008 850221s1964 is a b f00010 eng
010 _ahe 67000082 //r852
040 _aDLC/ICU
_cICU
041 1 _aengrus
050 0 _aQC880
_b.L293
100 1 0 _aLaĭkhtman, David Lʹvovich.
245 1 0 _aPhysics of the boundary layer of the atmosphere.
_bFizika pogranichnogo sloya atmosfery
_c[by] D.L. Laikhtman. Translated from Russian [by I. Shechtman].
260 0 _aJerusalem,
_bIsrael Program for Scientific Translations; [available from the Office of Technical Services, U.S. Dept. of Commerce, Washington]
_c1964.
300 _a200 p.
_billus.
_c24 cm.
504 _aIncludes bibliographical references.
650 0 _aBoundary layer (Meteorology)
999 _c32081
_d32081